000 00648nam a2200289Ia 4500
005 20260324125451.0
008 008 260324s9999 xx 000 0 eng d
020 _a9781315649252
037 _aEBOOK
040 _aCRL
040 _beng
040 _cCRL
041 _2eng
041 _aeng
084 _qCRL
100 _aAnna M Fitzer
_91178098
245 0 _aStrathallan
245 0 _bby Alicia LeFanu
260 _bTaylor and Francis
260 _c2009
365 _a
365 _b67.99
856 _uhttp://www.taylorfrancis.com/books/9781315649252
942 _cEBOOK
999 _c1773381
_d1773381